000 00336nam a2200145Ia 4500
005 20240814120821.0
008 240813s9999||||xx |||||||||||||| ||und||
082 _a508 PAR
100 _aParker, Bertha Morris
245 0 _aFall is here
260 _aEvaston
_bRow Peterson
_c1953
300 _a36p.
650 _aScience
942 _cBK
999 _c13511
_d13511